000 00645nam a2200229Ia 4500
003 OSt
005 20220926035626.0
006 a|||||r|||| 00| 0
007 ta
008 220923b |||||||| |||| 00| 0 eng d
037 _cGeneral Book
040 _aRTL
_cRTL
_beng
041 _2eng
_aeng
082 _aX:31:5932:N3, G8
100 _aMatolcsy Matthias
_9342557
245 0 _aNational income of Hungary, 1924/25-1936/37, etc
260 _c1938
650 _aNational Income
700 _a Stephen Varga
_9342558
942 _hX:31:5932:N3, G8
_cGB
_2CC
999 _c662697
_d662697